HELAS POUR MOI (Record n. 108173)
[ formato base ]
| 000 -LEADER | |
|---|---|
| fixed length control field | 01022agaaa2200277 4500 |
| 001 - CONTROL NUMBER | |
| control field | 6325 |
| 003 - CONTROL NUMBER IDENTIFIER | |
| control field | IT-RoPAU |
| 005 - DATE AND TIME OF LATEST TRANSACTION | |
| control field | 20220918181306.0 |
| 007 - PHYSICAL DESCRIPTION FIXED FIELD--GENERAL INFORMATION | |
| fixed length control field | d cvaizq |
| 008 - FIXED-LENGTH DATA ELEMENTS--GENERAL INFORMATION | |
| fixed length control field | 50131s9999||||xx ||| | || ||und|| |
| 040 ## - CATALOGING SOURCE | |
| Original cataloging agency | IT-RoPAU |
| Transcribing agency | IT-RoPAU |
| 041 ## - LANGUAGE CODE | |
| Language code of text/sound track or separate title | FRANCESE |
| 100 ## - MAIN ENTRY--PERSONAL NAME | |
| Personal name | Godard Jean-Luc |
| Miscellaneous information | Codice regista SPICS: 5975 |
| 9 (RLIN) | 54778 |
| 130 ## - MAIN ENTRY--UNIFORM TITLE | |
| Uniform title | HELAS POUR MOI |
| 9 (RLIN) | 54779 |
| 245 ## - TITLE STATEMENT | |
| Title | HELAS POUR MOI |
| Statement of responsibility, etc. | Diretto da: Godard Jean-Luc |
| Name of part/section of a work | HELAS POUR MOI (Rif. Codice opera principale : C6325) |
| 250 ## - EDITION STATEMENT | |
| Edition statement | Edizione Standard |
| 260 ## - PUBLICATION, DISTRIBUTION, ETC. (IMPRINT) | |
| Place of publication, distribution, etc. | (FRANCIA) |
| Name of publisher, distributor, etc. | ALAIN SARDE - VEGA FILM / Distribuzione: POLYGRAM |
| Date of manufacture | "1992 (1° ed.: 1993 ; Ed. Lingua Orig.: 1992)" |
| 300 ## - PHYSICAL DESCRIPTION | |
| Extent | VHS |
| Other physical details | sonoro, col. |
| Dimensions | 90 minuti |
| 511 ## - PARTICIPANT OR PERFORMER NOTE | |
| Participant or performer note | "Depardieu Gerard; Masliah Laurence" |
| 520 ## - SUMMARY, ETC. | |
| Summary, etc. | DIO. FILM FRANCESE DRAMMATICO A COLORI. |
| 538 ## - SYSTEM DETAILS NOTE | |
| System details note | PAL, STEREO |
| 546 ## - LANGUAGE NOTE | |
| Language note | FRANCESE |
| 650 ## - SUBJECT ADDED ENTRY--TOPICAL TERM | |
| Topical term or geographic name as entry element | DRAMMATICO |
| Relator term | FILMS [VHS] |
| General subdivision | Codice MATERIA SPICS: 9960 |
| 9 (RLIN) | 34083 |
| 700 ## - ADDED ENTRY--PERSONAL NAME | |
| Personal name | Godard Jean-Luc |
| Relator term | (regista) |
| Miscellaneous information | Codice regista SPICS: 5975 |
| 9 (RLIN) | 54780 |
| 942 ## - ADDED ENTRY ELEMENTS (KOHA) | |
| Koha item type | VHS - VIDEO |
| Source of classification or shelving scheme | Dewey Decimal Classification |
| Withdrawn status | Lost status | Damaged status | Not for loan | Home library | Current library | Date acquired | Total Checkouts | Full call number | Date last seen | Price effective from | Koha item type | Public note |
|---|---|---|---|---|---|---|---|---|---|---|---|---|
| Buone Condizioni | Not For Loan | SPICS-MEDIATECA | SPICS-MEDIATECA | 31/01/2015 | C6325 | 31/01/2015 | 31/01/2015 | VHS - VIDEO | Progr. Ins.: 420 / N.Vol.:1 / Copie: 1 / Pag.:0 / Copia rara: n.d. / date import: 1.2.2015 / By Epidotti, Trombetti, Vaglietti |